| 000 | 00000nam##2200000za#4500 |
| 001 | 9.644236 |
| 003 | CaOODSP |
| 005 | 20210624224542 |
| 007 | cr ||||||||||| |
| 008 | 150407|2008||||xxc|||||o f|0| 0 fre|d |
| 040 | |aCaOODSP|bfre |
| 043 | |an-cn--- |
| 086 | 1 |aR5-35/2008F-PDF |
| 110 | 1 |aCanada.|bAffaires indiennes et du Nord. |
| 245 | 10|aVérification de la classification et des mesures de dotation en personnel - région du Manitoba / |h[ressource électronique]|cdocument préparé par : Direction générale des services de Vérification et d'assurance. |
| 260 | |aOttawa - Ontario : |bAffaires indiennes et du Nord |c25 septembre 2008. |
| 300 | |a41p.|btableaux |
| 590 | |a15-02-Supp|b2015-02-16 |
| 691 | 07|aVérification|2gcpds |
| 775 | 08|tAudit of staffing & classification - Manitoba region / |w(CaOODSP)9.700340 |
| 856 | 40|ahttp://publications.gc.ca|qPDF|s117 Ko|uhttps://publications.gc.ca/collections/collection_2015/aadnc-aandc/R5-35-2008-fra.pdf |
| 986 | |aProjet 07/16 |